LEADER 01414nam0 2200361 450 001 000030738 005 20180918104048.0 010 $a9788829913879$dEUR46.48 100 $a20081008d2000----|||y0itay50------ba 101 1 $aita 102 $aIT 200 1 $aChimica dell'ambiente$fStanley E. Manahan 205 $aedizione italiana sulla 6. edizione americana$fa cura di Lelio Zoccolillo 210 $aPadova$cPiccin$d2000 215 $aXVI, 894 p.$cill.$d25 cm. 454 1$12001$aEnvironmental chemistry$924552 606 1 $aIndustria chimica$xEffetti dannosi 606 2 $aAmbiente naturale$xInquinamento 676 $a628.50154$v(22. ed.)$9Tecnologia del controllo dell'inquinamento e ingegneria sanitaria industriale. Chimica e scienze connesse 676 $a577.14$v(22. ed.)$9Ecologia. Chimica ambientale 700 1$aManahan,$bStanley E.$09064 702 1$aZoccolillo,$bLelio 801 0$aIT$bUniversità della Basilicata - B.I.A.$gRICA$2unimarc 912 $a000030738 996 $aEnvironmental chemistry$924552 997 $aUNIBAS BAS $aAGRARIA CAT $aLCR$b01$c20120131$lBAS01$h1600 CAT $aTTM$b30$c20120403$lBAS01$h0930 CAT $aTTM$b30$c20120403$lBAS01$h1034 CAT $aTTM$b30$c20180918$lBAS01$h1040 FMT Z30 -1$lBAS01$LBAS01$mBOOK$1BASA2$APolo Tecnico-Scientifico$2DID$BDidattica$3PTS.s2.p20.5$6110730$5T110730$820120403$f98$FConsultazione LEADER 01715nam 2200385 n 450 001 996394612303316 005 20221108101033.0 035 $a(CKB)4940000000120848 035 $a(EEBO)2240912859 035 $a(UnM)99836616 035 $a(EXLCZ)994940000000120848 100 $a19900914d1617 uh | 101 0 $aeng 135 $aurbn||||a|bb| 200 10$aBy the King. A proclamation for remoouing the staple of woolls from parts beyond the seas, vnto certaine principall cities and townes within this our realme$b[electronic resource] 210 $a[Imprinted at London $cBy Robert Barker, printer to the Kings most excellent Maiestie$dAnno Dom. 1616 [i.e. 1617]] 215 $a[3] sheets 300 $aCaption title. 300 $aDated at end: Burley on the Hill the foure and twentieth day of March, in the fourteenth yeere of our raigne .. 300 $aImprint from colophon. 300 $aThe year date is given according to Lady Day dating. 300 $aA variant of STC 8552 with sheet 3 reset; sheet 3, line 1 ends "Authori-". 300 $aReproduction of the original in the Henry E. Huntington Library and Art Gallery. 330 $aeebo-0113 606 $aWool industry$zGreat Britain$xLaw and legislation$vEarly works to 1800 615 0$aWool industry$xLaw and legislation 701 $aJames$cKing of England,$f1566-1625.$01001019 801 0$bCu-RivES 801 1$bCu-RivES 801 2$bCStRLIN 801 2$bWaOLN 906 $aBOOK 912 $a996394612303316 996 $aBy the King. A proclamation for remoouing the staple of woolls from parts beyond the seas, vnto certaine principall cities and townes within this our realme$92371285 997 $aUNISA